000 01143nam a2200325 i 4500
001 8355
003 ES-MaACL
005 20250905161838.0
007 t|
008 920506s1991 sp |||| |dspa d
020 _a84-87699-07-3
080 _a17
080 _a929 Aranguren, José Luis L.
245 0 0 _aÉtica día tras día
_b: homenaje al profesor Aranguren en su ochenta cumpleaños /
_cJavier Muguerza, Fernando Quesada, Roberto Rodríguez Aramayo [dedicatoria].
260 _aMadrid :
_bTrotta,
_c[1991]
300 _a479 p. ;
_c22 cm.
490 1 _aEstructuras y procesos. Filosofía
500 _aBibliografía: p. 449-484.
600 1 7 _aAranguren, José Luis L.,
_d1909-1996-
_vHomenajes
_9168094
650 7 _aÉtica
_2embne
_912577
655 7 _2tgfbne
_9226850
_aHomenajes
700 1 _aAranguren, José Luis L.,
_d1909-1996
_922315
700 1 _aMuguerza, Javier.
_984074
700 1 _aQuesada Castro, Fernando
_994566
700 1 _aRodríguez Aramayo, Roberto.
_998340
830 1 0 _aEstructuras y procesos.
_pFilosofía
_9183056
852 _aES-MaACL
_jL-15694
942 _2udc
999 _c8355
_d8355